<?xml version="1.0" encoding="UTF-8"?>
<record
    xmlns:xsi="http://www.w3.org/2001/XMLSchema-instance"
    xsi:schemaLocation="http://www.loc.gov/MARC21/slim http://www.loc.gov/standards/marcxml/schema/MARC21slim.xsd"
    xmlns="http://www.loc.gov/MARC21/slim">

  <leader>00888nam a22002777a 4500</leader>
  <controlfield tag="001"> 35401 </controlfield>
  <controlfield tag="003">UA-OsUOA</controlfield>
  <controlfield tag="005">20210324121102.0</controlfield>
  <controlfield tag="007">ta</controlfield>
  <controlfield tag="008">20051125b un ||||| |||| 00| 0 ukr d</controlfield>
  <datafield tag="020" ind1=" " ind2=" ">
    <subfield code="a">966-663-112-1</subfield>
  </datafield>
  <datafield tag="040" ind1=" " ind2=" ">
    <subfield code="a">UA-OsUOA</subfield>
    <subfield code="b">ukr</subfield>
    <subfield code="c">UA-OsUOA</subfield>
    <subfield code="d">UA-OsUOA</subfield>
  </datafield>
  <datafield tag="041" ind1=" " ind2=" ">
    <subfield code="a">ukr</subfield>
  </datafield>
  <datafield tag="080" ind1=" " ind2=" ">
    <subfield code="a">323</subfield>
  </datafield>
  <datafield tag="090" ind1=" " ind2=" ">
    <subfield code="a">323</subfield>
    <subfield code="b">&#x413;57</subfield>
  </datafield>
  <datafield tag="100" ind1=" " ind2=" ">
    <subfield code="a">&#x413;&#x43E;&#x432;&#x43B;&#x435;&#x442; &#x41C;.</subfield>
  </datafield>
  <datafield tag="245" ind1=" " ind2=" ">
    <subfield code="a">&#x414;&#x43E;&#x441;&#x43B;&#x456;&#x434;&#x436;&#x435;&#x43D;&#x43D;&#x44F; &#x434;&#x435;&#x440;&#x436;&#x430;&#x432;&#x43D;&#x43E;&#x457; &#x43F;&#x43E;&#x43B;&#x456;&#x442;&#x438;&#x43A;&#x438;: &#x446;&#x438;&#x43A;&#x43B;&#x438; &#x442;&#x430; &#x43F;&#x456;&#x434;&#x441;&#x438;&#x441;&#x442;&#x435;&#x43C;&#x430; &#x43F;&#x43E;&#x43B;&#x456;&#x442;&#x438;&#x43A;&#x438;</subfield>
    <subfield code="c">&#x413;&#x43E;&#x432;&#x43B;&#x435;&#x442; &#x41C;., &#x420;&#x430;&#x43C;&#x435;&#x448; &#x41C;.</subfield>
  </datafield>
  <datafield tag="260" ind1=" " ind2=" ">
    <subfield code="a">&#x41B;&#x44C;&#x432;&#x456;&#x432;</subfield>
    <subfield code="b">&#x41A;&#x430;&#x43B;&#x44C;&#x432;&#x430;&#x440;&#x456;&#x44F;</subfield>
    <subfield code="c">2004</subfield>
  </datafield>
  <datafield tag="300" ind1=" " ind2=" ">
    <subfield code="a">264 &#x441;.</subfield>
  </datafield>
  <datafield tag="650" ind1=" " ind2="7">
    <subfield code="a">32 &#x41F;&#x43E;&#x43B;&#x456;&#x442;&#x438;&#x43A;&#x430;</subfield>
    <subfield code="2">UDC</subfield>
  </datafield>
  <datafield tag="700" ind1=" " ind2=" ">
    <subfield code="a">&#x420;&#x430;&#x43C;&#x435;&#x448; &#x41C;.</subfield>
  </datafield>
  <datafield tag="856" ind1="4" ind2="0">
    <subfield code="u">https://issuu.com/irf_ua/docs/govlet_studying_public_policy-2004</subfield>
  </datafield>
  <datafield tag="942" ind1=" " ind2=" ">
    <subfield code="c">BK</subfield>
    <subfield code="2">udc</subfield>
  </datafield>
  <datafield tag="955" ind1=" " ind2=" ">
    <subfield code="a">2</subfield>
  </datafield>
  <datafield tag="999" ind1=" " ind2=" ">
    <subfield code="c">321763</subfield>
    <subfield code="d">321763</subfield>
  </datafield>
  <datafield tag="952" ind1=" " ind2=" ">
    <subfield code="0">0</subfield>
    <subfield code="1">0</subfield>
    <subfield code="2">udc</subfield>
    <subfield code="4">0</subfield>
    <subfield code="7">0</subfield>
    <subfield code="a">102</subfield>
    <subfield code="b">102</subfield>
    <subfield code="d">2005-11-25</subfield>
    <subfield code="e">137/2005</subfield>
    <subfield code="g">33.00</subfield>
    <subfield code="i">88921</subfield>
    <subfield code="l">0</subfield>
    <subfield code="o">323 &#x413;57</subfield>
    <subfield code="p">88921</subfield>
    <subfield code="r">2022-02-07 00:00:00</subfield>
    <subfield code="w">2005-11-25</subfield>
    <subfield code="y">BK</subfield>
  </datafield>
  <datafield tag="952" ind1=" " ind2=" ">
    <subfield code="0">0</subfield>
    <subfield code="1">0</subfield>
    <subfield code="2">udc</subfield>
    <subfield code="4">0</subfield>
    <subfield code="7">0</subfield>
    <subfield code="a">102</subfield>
    <subfield code="b">102</subfield>
    <subfield code="d">2005-11-25</subfield>
    <subfield code="e">137/2005</subfield>
    <subfield code="g">33.00</subfield>
    <subfield code="i">88922</subfield>
    <subfield code="l">0</subfield>
    <subfield code="o">323 &#x413;57</subfield>
    <subfield code="p">88922</subfield>
    <subfield code="r">2022-02-07 00:00:00</subfield>
    <subfield code="w">2005-11-25</subfield>
    <subfield code="y">BK</subfield>
  </datafield>
  <datafield tag="952" ind1=" " ind2=" ">
    <subfield code="0">0</subfield>
    <subfield code="1">0</subfield>
    <subfield code="2">udc</subfield>
    <subfield code="4">0</subfield>
    <subfield code="7">0</subfield>
    <subfield code="a">102</subfield>
    <subfield code="b">102</subfield>
    <subfield code="d">2007-07-11</subfield>
    <subfield code="e">130/2007</subfield>
    <subfield code="g">25.05</subfield>
    <subfield code="i">105700</subfield>
    <subfield code="l">0</subfield>
    <subfield code="o">323(477) &#x413;57</subfield>
    <subfield code="p">105700</subfield>
    <subfield code="r">2022-02-07 00:00:00</subfield>
    <subfield code="w">2007-07-11</subfield>
    <subfield code="y">BK</subfield>
  </datafield>
  <datafield tag="952" ind1=" " ind2=" ">
    <subfield code="0">0</subfield>
    <subfield code="1">0</subfield>
    <subfield code="2">udc</subfield>
    <subfield code="4">0</subfield>
    <subfield code="7">0</subfield>
    <subfield code="a">102</subfield>
    <subfield code="b">102</subfield>
    <subfield code="d">2007-07-11</subfield>
    <subfield code="e">130/2007</subfield>
    <subfield code="g">25.05</subfield>
    <subfield code="i">105701</subfield>
    <subfield code="l">0</subfield>
    <subfield code="o">323(477) &#x413;57</subfield>
    <subfield code="p">105701</subfield>
    <subfield code="r">2022-02-07 00:00:00</subfield>
    <subfield code="w">2007-07-11</subfield>
    <subfield code="y">BK</subfield>
  </datafield>
  <datafield tag="952" ind1=" " ind2=" ">
    <subfield code="0">0</subfield>
    <subfield code="1">0</subfield>
    <subfield code="2">udc</subfield>
    <subfield code="4">0</subfield>
    <subfield code="7">0</subfield>
    <subfield code="a">102</subfield>
    <subfield code="b">102</subfield>
    <subfield code="d">2007-07-11</subfield>
    <subfield code="e">130/2007</subfield>
    <subfield code="g">25.05</subfield>
    <subfield code="i">105702</subfield>
    <subfield code="l">0</subfield>
    <subfield code="o">323(477) &#x413;57</subfield>
    <subfield code="p">105702</subfield>
    <subfield code="r">2022-02-07 00:00:00</subfield>
    <subfield code="w">2007-07-11</subfield>
    <subfield code="y">BK</subfield>
  </datafield>
</record>
